000 01195nam a22003617a 4500
003 CHAP
005 20220329143422.0
008 090601s1998 sp r 00010 spa d
010 _a96288
011 _a97260
020 _a9586007065
035 _a107923
040 _cCHAP
082 0 4 _a658.4
_bG62
100 1 _aGoodstein, Leonard D.
_949592
245 1 0 _aPlaneación estratégica aplicada
_c/por Leonardo D. Goodstein, Timothy M. Nolan y J. William Pfeiffer
260 _aBogotá :
_bMcGraw- Hill,
_c1998
300 _ax, 442 p. :
_bilus., cuadros
590 _aBATCH-UPD
_b10
_c20130110
_lUCH01
_h0817
590 _aBATCH-UPD
_b10
_c20130410
_lUCH01
_h0455
590 _aBATCH-UPD
_b10
_c20130913
_lUCH01
_h1950
590 _aCONVERSION
_b10
_c20130109
_lUCH01
_h1353
650 1 4 _aAdministración de empresas.
_9922
650 1 4 _aEmpresas.
_936635
650 1 4 _aEstrategias administrativas.
_938462
650 1 4 _aOrganización.
_983533
650 1 4 _aPlaneación.
_988697
700 1 _aNolan, Timothy M.
_981603
700 1 _aPfeiffer, J. William
_987730
901 _aBK
942 _cLIBRO
949 _a658.4012 G62
_bBC
_cLIBRO
_d33724002094116
_eLIBRO
_gI.c/e
_h110570
_i107923
_si
_t184.00
999 _c96288
_d96288